000 00409pab a2200157 454500
008 180718b2013 xxu||||| |||| 00| 0 eng d
100 _aTakahashi, Takaaki
245 _aAgglomeration in a city with choosy consumer under imperfect information
260 _c2013
300 _ap.28-42.
362 _aJul
650 _aConsumers
773 _aJournal of Urban Economics
908 _aN
909 _a101630
999 _c101628
_d101628